| 000 | 00916nam a2200253Ia 4500 | ||
|---|---|---|---|
| 003 | OSt | ||
| 005 | 20220923225223.0 | ||
| 006 | a|||||r|||| 00| 0 | ||
| 007 | ta | ||
| 008 | 220922b |||||||| |||| 00| 0 pan d | ||
| 020 | _c500 | ||
| 024 | _a260,560 | ||
| 037 |
_b530, 02/12/2011, H.K. Prakashan _cTextual |
||
| 040 |
_aARTS _cARTS _bpan |
||
| 041 |
_2pan _apan |
||
| 082 | _aQ8441:21:g, 153Q1 | ||
| 100 |
_aਰਾਜਿੰਦਰ ਸਿੰਘ _9156275 |
||
| 245 | 0 | _aਸ੍ਰੀ ਗੁਰੂ ਗ੍ਰੰਥ ਸਾਹਿਬ ਵਿਚ ਜੀਵ ਜੰਤੂ ਅਤੇ ਪੌਦਿਆਂ ਦਾ ਚਿੱਤ੍ਰਣ | |
| 260 |
_aਜੰਮੂ _b ਸੈ± ਪ੍ਰਕਾFਨ _c2011 |
||
| 300 |
_a375ਪੰ _ccm. |
||
| 650 | _aਧOਰੁ Fਸੱਢ | ||
| 942 |
_hQ8441:21:g, 153Q1 _cTEXL _2CC |
||
| 999 |
_c376797 _d376797 |
||